000
00329nam a22001457a 4500
008
210429b ||||| |||| 00| 0 eng d
020
_a
9780393040029
041
_a
eng
080
_a
510
082
_a
510
100
_a
38
101
_a
MAT
245
_a
Mathematics from the Birth of Numbers
_c
Jan Gullberg
942
_2
udc
_c
BK
999
_c
56991
_d
56991